Sports Quiz

Random Sports or Football Quiz

NL East Most Common Starters Quiz Stats

 Plays Quiz not verified by Sporcle

Also try: MLB #1 Draft Picks
Challenge
Share
Tweet
Embed
Score 0/40 Timer 10:00
0 Plays Today
Position Player % Correct
1BRyan Howard
92.7%
3BDavid Wright
92.7%
SSHanley Ramirez
92%
SSJimmy Rollins
90.7%
3BChipper Jones
90.7%
CBrian McCann
90%
2BChase Utley
89.3%
SSJose Reyes
88%
3BRyan Zimmerman
86.7%
1BAdam Dunn
85.3%
RFJayson Werth
82%
2BDan Uggla
80.7%
CCarlos Ruiz
79.3%
CFShane Victorino
78.7%
LFRaul Ibanez
78.7%
3BPlacido Polanco
73.3%
CIvan Rodriguez
72.7%
2BMartin Prado
72.7%
RFJason Heyward
68.7%
1BIke Davis
67.3%
Position Player % Correct
2BLuis Castillo
64%
SSYunel Escobar
61.3%
CFNyjer Morgan
58.7%
1BTroy Glaus
58%
RFJeff Francoeur
52%
SSIan Desmond
50%
1BGaby Sanchez
49.3%
CFAngel Pagan
49.3%
CFNate McLouth
48.7%
CRod Barajas
48%
LFJason Bay
46%
LFMelky Cabrera
46%
LFJosh Willingham
42.7%
CFCody Ross
40.7%
RFMike Stanton
36%
3BWes Helms
30.7%
CRonny Paulino
25.3%
LFChris Coghlan
24.7%
2BAdam Kennedy
22.7%
RFRoger Bernadina
18.7%

You're not logged in!

Compare scores with friends on all Sporcle quizzes.
OR
Log In

You Might Also Like...

Show Comments

Extras

Top Quizzes Today


Score Distribution

Your Account Isn't Verified!

In order to create a playlist on Sporcle, you need to verify the email address you used during registration. Go to your Sporcle Settings to finish the process.

Report this User

Report this user for behavior that violates our Community Guidelines.

Details: